[Event "American Zonal 2_5 Open"]
[Site "Montevideo, URU"]
[Date "2013.04.22"]
[Round "5.8"]
[White "Larrea, Manuel"]
[Black "Zacarias, M Ruben D"]
[Result "1-0"]
[WhiteElo "2308"]
[BlackElo "2186"]

1. e4 e6 2. d4 d5 3. Nc3 Nf6 4. e5 Nfd7 5. f4 c5 6. Nf3 Nc6 7. Be3 Be7 8. Qd2
O-O 9. Be2 a6 10. O-O b5 11. Nd1 f5 12. exf6 Nxf6 13. Nf2 Ne4 14. Qd1 cxd4
15. Nxd4 Nxd4 16. Qxd4 Bf6 17. Qb4 a5 18. Qb3 a4 19. Qb4 Be7 20. Qe1 Nxf2 21.
Rxf2 b4 22. Rd1 Qd6 23. Bg4 Bd7 24. Bd4 Rac8 25. g3 Bf6 26. Re2 Rfe8 27. Bxf6
gxf6 28. Rd4 b3 29. axb3 axb3 30. c3 Rc7 31. Bf3 Bc6 32. Qd1 Qc5 33. Kg2 Kg7
34. Qe1 Rce7 35. Qf2 Qd6 36. c4 e5 37. fxe5 fxe5 38. Rg4+ Kh8 39. Bxd5 Bxd5+
40. cxd5 Qxd5+ 41. Qf3 Qe6 42. Qe4 Rd7 43. Rg5 Rd4 44. Qb7 Rd7 45. Rgxe5
Qxe5 46. Rxe5 Rxb7 47. Rxe8+ Kg7 48. Re3 h5 49. Kf3 Rb4 50. h3 Kg6 51. Ke2 Kg5
52. Kd3 1-0

[Event "American Zonal 2_5 Open"]
[Site "Montevideo, URU"]
[Date "2013.04.22"]
[Round "5.10"]
[White "Latorre, Matias"]
[Black "Ibanez, Juan Rodrigo"]
[Result "1-0"]
[WhiteElo "2274"]
[BlackElo "2009"]

1. e4 e5 2. Nf3 d6 3. d4 exd4 4. Nxd4 Nf6 5. Nc3 Be7 6. Be2 O-O 7. Be3 c6 8.
O-O d5 9. exd5 cxd5 10. Bf3 Nc6 11. Re1 Qa5 12. Nb3 Qd8 13. Nxd5 Nxd5 14.
Qxd5 Qxd5 15. Bxd5 Nb4 16. Be4 f5 17. Bd3 Nxd3 18. cxd3 Bb4 19. Bd2 Bd6 20. Rac1
Bd7 21. Na5 b6 22. Nb7 Rf6 23. Bc3 Rh6 24. Nxd6 Rxd6 25. Re7 g6 26. Rg7+ Kf8
27. Rxh7 Rc8 28. Rxd7 Rxc3 29. Rxc3 Rxd7 30. Kf1 Kf7 31. Ke2 Kf6 32. f4 Rd6
33. Rc7 a6 34. h3 Ke6 35. g4 fxg4 36. hxg4 Kd5 37. g5 Kd4 38. Rf7 Rc6 39.
Rd7+ 1-0

[Event "American Zonal 2_5 Open"]
[Site "Montevideo, URU"]
[Date "2013.04.22"]
[Round "5.11"]
[White "Bustelo, Tabare"]
[Black "Coppola, Claudio"]
[Result "1/2-1/2"]
[WhiteElo "2079"]
[BlackElo "2173"]

1. d4 Nf6 2. Bg5 c5 3. Bxf6 gxf6 4. dxc5 Qa5+ 5. Nc3 Bg7 6. e3 f5 7. Nge2
Qxc5 8. Qd5 Na6 9. Nd4 e6 10. Qxc5 Nxc5 11. b4 Na6 12. Ncb5 Ke7 13. c3 b6 14.
O-O-O Bb7 15. Be2 Rhc8 16. Kb2 d5 17. g3 Nb8 18. Rc1 Nd7 19. Rhd1 a6 20. Na3
Rc7 21. c4 dxc4 22. Rxc4 Rxc4 23. Nxc4 Rc8 24. Rc1 Bd5 25. a4 Bf8 26. Nd2 Rxc1
27. Kxc1 Kd8 28. Bxa6 Bxb4 29. N2f3 Nc5 30. Bb5 Ne4 31. Ne5 Ba3+ 32. Kc2 Nxf2
33. Nxf7+ Ke7 34. Ne5 Bc5 35. Bc4 Ng4 36. Nxg4 Bxc4 37. Ne5 Bd5 38. Kc3 Bd6
39. Nc4 Bc7 40. Kb4 Kf6 41. Kb5 Bxc4+ 42. Kxc4 Ke5 43. Kb5 Kd5 44. Nf3 h6 45.
Nd2 e5 46. Nc4 Ke4 47. Nxb6 f4 48. gxf4 exf4 49. exf4 Bxf4 50. h3 Bd2 51.
Kc4 Kf3 52. Kd3 Be1 53. Nc4 Kg3 54. Ke2 1/2-1/2

[Event "American Zonal 2_5 Open"]
[Site "Montevideo, URU"]
[Date "2013.04.22"]
[Round "5.12"]
[White "El Ters, Antouan"]
[Black "Hiriart, Guillermo"]
[Result "1-0"]
[WhiteElo "2236"]
[BlackElo "2049"]

1. e4 d6 2. d4 Nd7 3. Nf3 c6 4. Nc3 a5 5. a4 e6 6. Bd3 g6 7. Be3 Bg7 8. Qd2
Qb6 9. O-O Ne7 10. d5 Nc5 11. e5 Nxd5 12. Nxd5 cxd5 13. Bb5+ Bd7 14. Bxd7+
Kxd7 15. c4 Qb4 16. Qd1 Qxc4 17. exd6 b6 18. Bd4 Bxd4 19. Nxd4 f6 20. Rc1 Qb4
21. Re1 Rhe8 22. Nb5 Rac8 23. Nc7 Kxd6 24. Nxe8+ Rxe8 25. Qf3 f5 26. b3 e5 27.
Red1 Qe4 28. Qh3 Re7 29. Kf1 Ke6 30. Qh6 d4 31. Qf8 Qb7 32. f4 Nxb3 33. fxe5
Nxc1 34. Qf6+ Kd5 35. Qd6+ Kc4 36. Rxc1+ Kb3 37. Qxd4 Qe4 38. Rc3+ Ka2 39.
Qd2+ Ka1 40. Ra3+ Kb1 41. Qd1+ Kb2 42. Qa1+ Kc2 43. Rc3+ 1-0

[Event "American Zonal 2_5 Open"]
[Site "Montevideo, URU"]
[Date "2013.04.22"]
[Round "5.13"]
[White "Lanzilotta, Marcelo"]
[Black "Caceres Recalde, Fernando"]
[Result "1/2-1/2"]
[WhiteElo "1980"]
[BlackElo "2235"]

1. e4 c5 2. Nc3 a6 3. f4 b5 4. Nf3 Bb7 5. d3 e6 6. Be2 Nf6 7. O-O b4 8. Na4
Be7 9. e5 Nd5 10. c4 bxc3 11. bxc3 Bc6 12. c4 Bxa4 13. Qxa4 Nc3 14. Qc2 Nxe2+
15. Qxe2 Nc6 16. Bd2 O-O 17. Rab1 Qc7 18. Bc3 Rab8 19. Ng5 Rxb1 20. Rxb1 Rb8
21. Rf1 Bxg5 22. fxg5 d6 1/2-1/2

[Event "American Zonal 2_5 Open"]
[Site "Montevideo, URU"]
[Date "2013.04.22"]
[Round "5.15"]
[White "Augoustis Funti, Alexis"]
[Black "Jodorcovsky Werjivker, Paulo"]
[Result "0-1"]
[WhiteElo "1948"]
[BlackElo "2165"]

1. e4 c5 2. d4 cxd4 3. c3 Nf6 4. e5 Nd5 5. Bc4 Qc7 6. Qe2 Nb6 7. Bb3 Nc6 8.
Nf3 d3 9. Qxd3 Nxe5 10. Nxe5 Qxe5+ 11. Be3 e6 12. O-O Bc5 13. Re1 d5 14. Nd2
Qd6 15. Qb5+ Nd7 16. Bxc5 Qxc5 17. Qxc5 Nxc5 18. Bxd5 O-O 19. Bc4 Bd7 20. Nb3
Rac8 21. Nxc5 Rxc5 22. Red1 Bc6 23. Bb3 Rg5 24. g3 a5 25. Rd4 Re5 26. Bc4 g5
27. Bf1 Rc8 28. Bg2 Re2 29. Rb1 Kg7 30. Bxc6 Rxc6 31. Kf1 Rc2 32. Ke1 Rb6 33.
Ra4 Rb5 34. Rg4 h5 35. Re4 Rxc3 36. Re2 Rc4 37. Rd1 Rbc5 38. Red2 Rc2 39.
Ke2 Kf6 40. Kf3 g4+ 41. Kg2 b5 42. b3 Kg5 43. h3 R5c3 44. hxg4 hxg4 45. Kg1 f5
46. Kg2 Kf6 47. Kf1 Rxd2 48. Rxd2 a4 49. bxa4 bxa4 50. Rd4 a3 51. Ra4 Ke5 52.
Ke1 Kf6 53. Kd2 Rf3 54. Ke2 Ke5 55. Ke1 Kf6 56. Ra6 Kf7 57. Ra5 Ke7 58. Kf1
Kd6 59. Ra6+ Kd5 60. Ra4 e5 61. Ra5+ Ke6 62. Ra6+ Kf7 63. Ke2 f4 64. gxf4
exf4 65. Ke1 Kg7 66. Rc6 Rh3 67. Rc4 Rf3 68. Rc6 Kf7 69. Ra6 Rc3 70. Kd2 Rh3 71.
Ra4 Rf3 72. Ke2 Kf6 73. Ra5 Rc3 74. Kf1 Rc1+ 75. Kg2 Rc2 76. Rxa3 g3 77. Rf3
Kg5 78. Kh3 gxf2 79. a4 Rc3 0-1

[Event "American Zonal 2_5 Open"]
[Site "Montevideo, URU"]
[Date "2013.04.22"]
[Round "5.16"]
[White "Pinero, Ismael"]
[Black "Saralegui, Mario"]
[Result "1/2-1/2"]
[WhiteElo "1883"]
[BlackElo "2146"]

1. e4 e5 2. Nf3 Nc6 3. Bb5 a6 4. Ba4 Nf6 5. d3 d6 6. c3 Be7 7. O-O O-O 8. Qe2
b5 9. Bc2 d5 10. Rd1 d4 11. h3 h6 12. Nbd2 Nh7 13. a4 Be6 14. Nb3 Ng5 15.
Nxe5 Nxe5 16. f4 Bxb3 17. Bxb3 Qd7 18. axb5 axb5 1/2-1/2

[Event "American Zonal 2_5 Open"]
[Site "Montevideo, URU"]
[Date "2013.04.22"]
[Round "5.17"]
[White "Daneri, Martin"]
[Black "Muzzi, Eduardo"]
[Result "1-0"]
[WhiteElo "2135"]
[BlackElo "2022"]

1. b3 d5 2. e3 c5 3. Bb2 Nc6 4. Bb5 Nf6 5. f4 Bg4 6. Bxc6+ bxc6 7. Nf3 e6 8.
O-O Be7 9. d3 Bxf3 10. Qxf3 Qb6 11. c4 O-O-O 12. Nc3 Nd7 13. Na4 Qc7 14. cxd5
exd5 15. Rac1 Qa5 16. Bxg7 Rhg8 17. Bc3 Qb5 18. e4 d4 19. Bd2 Rg7 20. Rf2
Rdg8 21. e5 h5 22. Re2 h4 23. Qh3 Rg4 24. f5 Rg3 25. hxg3 Rxg3 26. f6 Qxd3 27.
fxe7 1-0

[Event "American Zonal 2_5 Open"]
[Site "Montevideo, URU"]
[Date "2013.04.22"]
[Round "5.18"]
[White "Granara Barreto, Sebastian A."]
[Black "Lallana Yanez, Daniel"]
[Result "1-0"]
[WhiteElo "2099"]
[BlackElo "1985"]

1. c4 Nf6 2. g3 g6 3. Bg2 Bg7 4. Nc3 e5 5. e4 O-O 6. Nge2 c6 7. O-O Na6 8. d3
d6 9. Rb1 Bd7 10. h3 Ne8 11. Be3 Nac7 12. Qd2 Ne6 13. d4 exd4 14. Nxd4 Qc7
15. f4 f5 16. Rbd1 Rd8 17. exf5 Nxd4 18. Bxd4 Bxf5 19. g4 Be6 20. b3 a6 21.
Qe3 Bxd4 22. Rxd4 Ng7 23. Re4 Rfe8 24. Qd4 Qf7 25. Re2 d5 26. cxd5 cxd5 27.
Rfe1 h5 28. Bf3 Kh7 29. f5 gxf5 30. gxh5 f4 31. Bg4 Bxg4 32. hxg4 f3 33. Rxe8
Rxe8 34. Rxe8 Qxe8 35. Qd3+ Kh8 36. Qxf3 Qe1+ 37. Kg2 Qd2+ 38. Kh3 d4 39. Ne4
Qh6 40. Qf8+ 1-0

[Event "American Zonal 2_5 Open"]
[Site "Montevideo, URU"]
[Date "2013.04.22"]
[Round "5.19"]
[White "Rodriguez, Gaston"]
[Black "Davila Texeira, Mario"]
[Result "1/2-1/2"]
[WhiteElo "2053"]
[BlackElo "1879"]

1. c4 c5 2. Qc2 g6 3. b3 Bg7 4. Bb2 Nf6 5. h4 d6 6. e3 Nc6 7. a3 e5 8. Be2
Be6 9. Nh3 h6 10. d3 a6 11. Bc3 O-O 12. Qb2 Qe7 13. Nd2 b5 14. b4 bxc4 15. dxc4
d5 16. b5 d4 17. bxc6 dxc3 18. Qxc3 e4 19. Qa5 Rfc8 20. Rb1 Rxc6 21. Nf4 h5
22. O-O Bg4 23. Bd1 Bxd1 24. Rfxd1 Ng4 25. g3 Qe5 26. Kg2 g5 27. hxg5 Qxg5
28. Nxe4 Qe7 29. Nd2 h4 30. Nd5 Qe5 31. Nf3 Qe4 32. Nf4 Rh6 33. Rd8+ Rxd8 34.
Qxd8+ Kh7 35. Rb8 h3+ 36. Nxh3 Rxh3 37. Kxh3 Qxf3 38. Qg8+ Kg6 39. Rb6+ Nf6
40. Kh2 Qxf2+ 41. Kh3 Qf1+ 42. Kh2 1/2-1/2

[Event "American Zonal 2_5 Open"]
[Site "Montevideo, URU"]
[Date "2013.04.22"]
[Round "5.20"]
[White "Mesias Rojas, Rabindranath"]
[Black "D'Andrea, Leonardo"]
[Result "1-0"]
[WhiteElo "2213"]
[BlackElo "1921"]

1. e4 e5 2. Nf3 Nc6 3. d4 exd4 4. Nxd4 Nf6 5. Nxc6 bxc6 6. e5 Qe7 7. Qe2 Nd5
8. c4 Ba6 9. g3 g6 10. b3 Bg7 11. Bb2 O-O 12. Bg2 Rfe8 13. O-O f6 14. Qd2 Nb6
15. exf6 Bxf6 16. Nc3 Qg7 17. Rab1 Rad8 18. Ne4 Bxb2 19. Qxb2 Qxb2 20. Rxb2
d5 21. Nf6+ Kf7 22. Nxe8 Rxe8 23. cxd5 cxd5 24. Rd2 c6 25. a4 Nd7 26. Rc1 Bb7
27. h3 Ne5 28. f4 Nd7 29. Kf2 Nf6 30. Bf3 Ne4+ 31. Bxe4 Rxe4 32. Rc3 Rb4 33.
Ke3 Ke6 34. Rd4 a5 35. Rxb4 axb4 36. Rc5 Kd6 37. Kd4 h5 38. g4 hxg4 39. hxg4
Bc8 40. g5 Kc7 41. a5 Ba6 42. Rc1 Kd6 43. f5 1-0

[Event "American Zonal 2_5 Open"]
[Site "Montevideo, URU"]
[Date "2013.04.22"]
[Round "5.21"]
[White "Arias Bouzada, Jorge"]
[Black "Ibanez, Marcelo"]
[Result "1/2-1/2"]
[WhiteElo "2131"]
[BlackElo "1879"]

1. c4 e5 2. Nc3 Nf6 3. g3 c6 4. d4 exd4 5. Qxd4 Be7 6. Bg2 d6 7. e4 Nbd7 8.
Nge2 Qa5 9. O-O h5 10. h4 Ne5 11. b3 Bh3 12. Bg5 Qc7 13. Rad1 Bxg2 14. Kxg2 b6
15. Bxf6 gxf6 16. Qd2 f5 17. exf5 O-O-O 18. Ne4 d5 19. cxd5 Rxd5 20. Qc3
Rhd8 21. Rxd5 cxd5 22. Qxc7+ Kxc7 23. N4c3 Ng4 24. Rd1 Bc5 25. Nxd5+ Kc8 26. b4
Bxb4 27. Nec3 Bc5 28. Ne4 Re8 29. Nxc5 bxc5 30. Rd2 Re5 31. f6 Kb7 32. Kf3
Kc6 1/2-1/2

[Event "American Zonal 2_5 Open"]
[Site "Montevideo, URU"]
[Date "2013.04.22"]
[Round "5.28"]
[White "Iduate, Guillermo"]
[Black "Solari, Pablo"]
[Result "0-1"]
[WhiteElo "1855"]
[BlackElo "1703"]

1. e4 e5 2. Nf3 Nf6 3. Nc3 Bb4 4. Nd5 Nxd5 5. exd5 d6 6. c3 Ba5 7. h3 Bb6 8.
Bd3 Nd7 9. Bc2 Nf6 10. d4 exd4 11. Nxd4 Qe7+ 12. Ne2 Ne4 13. O-O Qh4 14. Nd4
O-O 15. Qf3 Bxd4 16. cxd4 f5 17. Be3 Bd7 18. Bd3 Rae8 19. Rac1 c6 20. Rc2
cxd5 21. Bf4 Qf6 22. Qh5 Bc6 23. f3 Qxd4+ 24. Kh2 Qxd3 25. Rfc1 Nf6 26. Qg5 Rd8
27. Rd2 Qa6 28. Re1 Rf7 29. Rde2 d4 30. Qxf5 Qb5 31. Qb1 Nd5 32. Bd2 Ne3 33.
Bxe3 dxe3 34. Rxe3 Rdf8 35. b3 Qf5 36. Qd1 d5 37. Qd4 Qf4+ 38. Qxf4 Rxf4 0-1

[Event "American Zonal 2_5 Open"]
[Site "Montevideo, URU"]
[Date "2013.04.22"]
[Round "6.2"]
[White "Felgaer, Ruben"]
[Black "Salinas Herrera, Pablo"]
[Result "1-0"]
[WhiteElo "2585"]
[BlackElo "2401"]

1. e4 c5 2. Nf3 d6 3. d4 cxd4 4. Nxd4 Nf6 5. Nc3 a6 6. a4 e5 7. Nf3 Be7 8.
Bc4 O-O 9. O-O Nc6 10. Bg5 Be6 11. Bb3 Rc8 12. Bxf6 Bxf6 13. Nd5 Bxd5 14. Qxd5
Qc7 15. c3 Be7 16. Nd2 Na5 17. Ba2 Bg5 18. Rfd1 Bxd2 19. Rxd2 Rcd8 20. Rad1
Nc6 21. Qb3 Ne7 22. Qb4 Nc8 23. g3 g6 24. Bd5 Rd7 25. Bc4 Kg7 26. Bf1 f5 27.
exf5 gxf5 28. a5 Rf6 29. c4 Ne7 30. Qc3 Rd8 31. Bg2 Rc8 32. b3 Kf7 33. Qb4 e4
34. Rxd6 Rxd6 35. Rxd6 Qc5 36. Qd2 Rc6 37. Rd7 b6 38. axb6 Rxb6 39. Qc3 Re6
40. b4 Qc8 41. Qd4 Qb8 42. c5 Qe5 43. Qxe5 Rxe5 44. Ra7 a5 45. Rxa5 Nc6 46.
Ra4 Rd5 47. Bf1 Rd4 48. Bb5 Rd1+ 49. Kg2 Nd4 {Incompleta} 1-0

[Event "American Zonal 2_5 Open"]
[Site "Montevideo, URU"]
[Date "2013.04.22"]
[Round "6.3"]
[White "Alonso, Salvador"]
[Black "Vasquez Schroeder, Rodrigo"]
[Result "0-1"]
[WhiteElo "2521"]
[BlackElo "2547"]

1. e4 c5 2. Nf3 d6 3. d4 cxd4 4. Nxd4 Nf6 5. Nc3 a6 6. h3 e6 7. g4 h6 8. Bg2
g5 9. Be3 Nbd7 10. Qe2 Ne5 11. f4 gxf4 12. Bxf4 Nfd7 13. O-O-O b5 14. Qf2 Bb7
15. Rhf1 Rh7 16. Kb1 Qb6 17. Nce2 O-O-O 18. Ng3 Kb8 19. Nh5 Rc8 20. Qg3 Qc7
21. Rf2 Be7 22. Nb3 Nc4 23. Bc1 Nde5 24. Nd4 Bg5 25. c3 Qe7 26. Bxg5 hxg5 27.
b3 Nb6 28. Qe3 Nbd7 29. Rfd2 Nc5 30. Nc2 Rd8 31. Rd4 f5 32. exf5 Bxg2 33.
Rxd6 Rxd6 34. Qxe5 Nb7 35. Nf6 exf5 0-1

[Event "American Zonal 2_5 Open"]
[Site "Montevideo, URU"]
[Date "2013.04.22"]
[Round "6.5"]
[White "Mareco, Sandro"]
[Black "Latorre, Matias"]
[Result "1-0"]
[WhiteElo "2580"]
[BlackElo "2274"]

1. d4 Nf6 2. c4 e6 3. Nc3 Bb4 4. Qc2 d5 5. a3 Bxc3+ 6. Qxc3 O-O 7. Nf3 Ne4 8.
Qc2 b6 9. e3 Bb7 10. Bd3 Nd7 11. O-O c5 12. b3 cxd4 13. exd4 Rc8 14. b4 Ba6
15. c5 Bxd3 16. Qxd3 Qc7 17. Be3 Qb7 18. Rfc1 a6 19. Bf4 Rfe8 20. Rc2 bxc5
21. dxc5 e5 22. c6 Rxc6 23. Qxd5 Rec8 24. Nxe5 Nxe5 25. Qxe4 Nd7 26. h3 Nf6 27.
Qf3 Qd7 28. Rxc6 Qxc6 29. Qxc6 Rxc6 30. a4 Kf8 31. Be3 Nd5 32. Bc5+ Ke8 33.
Rc1 Nf4 34. Re1+ Kd8 35. Kf1 Ne6 36. Rd1+ Kc7 37. Be3 Rc2 38. Rc1 Nd4 39.
Rxc2+ Nxc2 40. Bc5 Na1 41. Ke2 Nb3 42. Be3 1-0

[Event "American Zonal 2_5 Open"]
[Site "Montevideo, URU"]
[Date "2013.04.22"]
[Round "6.7"]
[White "Rodriguez Vila, Andres"]
[Black "Arcos Facio, Mateo"]
[Result "1-0"]
[WhiteElo "2503"]
[BlackElo "2185"]

1. d4 Nf6 2. Nc3 d5 3. Bg5 h6 4. Bxf6 exf6 5. e3 c6 6. Bd3 Bd6 7. Qf3 Be6 8.
Nge2 Nd7 9. Nf4 Qe7 10. Nxe6 Qxe6 11. O-O O-O 12. Bf5 Qe7 13. e4 dxe4 14.
Nxe4 Nb6 15. Rae1 Rae8 16. b3 Bb8 17. c4 g6 18. Re3 Kg7 19. Ng3 Qc7 20. Qg4 Kh7
21. Rfe1 Rxe3 22. Rxe3 Qf4 23. Bxg6+ Kh8 24. Bf5 1-0

[Event "American Zonal 2_5 Open"]
[Site "Montevideo, URU"]
[Date "2013.04.22"]
[Round "6.8"]
[White "Jodorcovsky Werjivker, Paulo"]
[Black "El Ters, Antouan"]
[Result "1/2-1/2"]
[WhiteElo "2165"]
[BlackElo "2236"]

1. d4 Nf6 2. Nf3 g6 3. c4 Bg7 4. Nc3 O-O 5. e4 d6 6. Be2 Nc6 7. d5 Nb8 8. h3
a5 9. Be3 Na6 10. Nd2 e6 11. O-O c6 12. a3 Bd7 13. Rb1 Re8 14. Re1 exd5 15.
exd5 Bf5 16. Rc1 h6 17. dxc6 bxc6 18. Nf3 Rb8 19. Nd4 Bd7 20. Bf3 Qc7 21. Qd2
Kh7 22. Bf4 Bf8 23. Na4 Rxe1+ 24. Qxe1 Re8 25. Qd2 Ne4 26. Bxe4 Rxe4 27. c5
Qd8 28. Nc3 Re8 29. Bxd6 Nxc5 30. Bxf8 Rxf8 31. Rd1 Qb6 32. Nf3 Be6 33. Qd4
Rb8 34. Rd2 Nb3 35. Qxb6 Rxb6 36. Rd6 Nc5 37. Rd2 Rb8 38. Ne5 Rb6 39. Nf3 Kg7
40. Nd4 Bc4 41. Nf3 Kf6 42. Rd4 Be6 43. b4 axb4 44. Rxb4 Ra6 45. a4 Bb3 46.
Nd4 Be6 47. Nxe6 Kxe6 48. Kf1 f5 49. Ke2 Nd7 50. Ke3 Nc5 51. Kd4 Kd6 52. Kc4
Ra8 53. Kd4 Ra5 54. Rc4 Ne6+ 55. Kd3 c5 56. Nb5+ Ke5 57. g3 g5 58. h4 Ra8 59.
hxg5 hxg5 60. Ke3 Kd5 61. Rc1 c4 62. Nc3+ Ke5 63. Rd1 f4+ 64. Kf3 Nd4+ 65. Kg4
fxg3 66. fxg3 Ne6 67. Rd5+ Kf6 68. a5 Ke7 69. Ne4 Rc8 70. Nc3 Rb8 71. Nb5
Ra8 72. Nd4 Nxd4 73. Rxd4 Rc8 74. Kxg5 c3 75. Rd1 Rc5+ 76. Kf4 Rxa5 77. Rc1 Rc5
78. Rc2 1/2-1/2

[Event "American Zonal 2_5 Open"]
[Site "Montevideo, URU"]
[Date "2013.04.22"]
[Round "6.9"]
[White "Izquierdo, Daniel"]
[Black "Daneri, Martin"]
[Result "1-0"]
[WhiteElo "2219"]
[BlackElo "2135"]

1. Nf3 Nf6 2. d4 g6 3. c4 Bg7 4. Nc3 O-O 5. e4 d6 6. Bg5 h6 7. Bh4 c5 8. d5
a6 9. Bd3 b5 10. Nd2 e6 11. O-O b4 12. Ne2 g5 13. Bg3 Nh5 14. Qc2 e5 15. f3
Nd7 16. Bf2 Nf4 17. Ng3 Re8 18. Nf5 Nf8 19. Rfb1 N8g6 20. Bf1 Bf8 21. g3 Nh5
22. Bh3 Bd7 23. Nf1 Kh7 24. N1e3 Nf6 25. Bf1 a5 26. Bd3 Qb6 27. Qe2 Reb8 28.
Kg2 Nh5 29. Kh1 a4 30. Be1 Nf6 31. Bd2 Qd8 32. Qg2 Ra6 33. Qh3 Ne7 34. Qg2 Nxf5
35. Nxf5 Ng8 36. Ne3 a3 37. b3 Qc8 38. Rg1 Bg7 39. Qf2 Ne7 40. Rae1 Ra7 41.
Bc1 Kg8 42. h4 Bf6 43. Rg2 Raa8 44. Rh2 gxh4 45. gxh4 Kh7 46. Rg1 h5 47. f4
Qf8 48. Qf3 Ng6 49. Nf5 Bxf5 50. exf5 Nxf4 51. Bxf4 exf4 52. Qxh5+ Qh6 53.
Qxf7+ Kh8 54. Rg6 Qf8 55. Qxf6+ Qxf6 56. Rxf6 Re8 57. Rg2 Ra7 58. Rh6+ Rh7 59.
Rxh7+ Kxh7 60. f6+ Kh6 61. Rg7 Rh8 62. Kg2 Kh5 63. f7 Rf8 64. Kh3 1-0

[Event "American Zonal 2_5 Open"]
[Site "Montevideo, URU"]
[Date "2013.04.22"]
[Round "6.10"]
[White "Bustelo, Tabare"]
[Black "Ibar, Marcelo"]
[Result "1/2-1/2"]
[WhiteElo "2079"]
[BlackElo "2196"]

1. d4 g6 2. e4 Bg7 3. Nf3 c5 4. dxc5 Qa5+ 5. Bd2 Qxc5 6. Bc3 Nf6 7. Bd3 O-O
8. O-O d6 9. Bd4 Qa5 10. Bc3 Qc7 11. Nbd2 Nbd7 12. Nc4 Nc5 13. e5 Ne8 14. exd6
Nxd6 15. Bxg7 Kxg7 16. Ne3 Nxd3 17. Qxd3 Qc5 18. c4 Nf5 19. Qc3+ f6 20. b4
Qc6 21. c5 Nxe3 22. Qxe3 e5 23. Rfd1 Bg4 24. Rd6 Qe8 25. h3 Bxf3 26. Qxf3 Rf7
27. Rad1 Rc8 28. Qd5 Rcc7 29. a3 Qb5 30. g4 Qe2 31. Qb3 h5 32. R6d2 Qe4 33.
gxh5 gxh5 34. f3 Qf5 35. Rg2+ Kh7 36. Qd3 1/2-1/2

[Event "American Zonal 2_5 Open"]
[Site "Montevideo, URU"]
[Date "2013.04.22"]
[Round "6.12"]
[White "Carbone, Diego"]
[Black "Lopez Azambuja, Nicolas"]
[Result "1/2-1/2"]
[WhiteElo "2074"]
[BlackElo "2173"]

1. Nf3 Nf6 2. c4 e6 3. g3 d5 4. d4 Bb4+ 5. Bd2 Be7 6. Bg2 c6 7. Qc2 Nbd7 8.
O-O O-O 9. Bf4 b6 10. Rd1 Ba6 11. Ne5 Nxe5 12. dxe5 Nd7 13. cxd5 cxd5 14. e4
Rc8 15. Nc3 g5 16. Be3 Nxe5 17. exd5 Qd6 18. Qa4 Bc4 19. Ne4 Qb4 20. Qxb4 Bxb4
21. Bd4 Nd7 22. dxe6 fxe6 23. Nxg5 Be7 24. Ne4 Bd5 25. Rac1 Bxa2 26. Rxc8
Rxc8 1/2-1/2

[Event "American Zonal 2_5 Open"]
[Site "Montevideo, URU"]
[Date "2013.04.22"]
[Round "6.13"]
[White "Caceres Recalde, Fernando"]
[Black "Rodriguez, Gaston"]
[Result "1-0"]
[WhiteElo "2235"]
[BlackElo "2053"]

1. e4 c5 2. d3 Nc6 3. f4 g6 4. Nf3 Bg7 5. Be2 d6 6. O-O e6 7. c3 Nge7 8. Be3
O-O 9. d4 cxd4 10. cxd4 Qb6 11. Qd2 d5 12. e5 Bd7 13. Nc3 Na5 14. b3 Rac8 15.
Rfc1 Rc7 16. Nd1 Rfc8 17. Rc5 Rxc5 18. dxc5 Qd8 19. Rc1 b5 20. Bf2 Qc7 21.
Bh4 Nf5 22. Be1 Nb7 23. Bf2 a6 24. Nb2 Qa5 25. b4 Qxa2 26. g4 Nh6 27. Nd4 Bc6
28. Rc2 Qa1+ 29. Kg2 Nd8 30. Nd3 Bb7 31. Ra2 Qb1 32. Rb2 Qa1 33. Nc1 Nc6 34.
Ra2 Qb1 35. Nxc6 Bxc6 36. Bd3 1-0

[Event "American Zonal 2_5 Open"]
[Site "Montevideo, URU"]
[Date "2013.04.22"]
[Round "6.14"]
[White "Magaldi, Nelson"]
[Black "Mesias Rojas, Rabindranath"]
[Result "0-1"]
[WhiteElo "2084"]
[BlackElo "2213"]

1. d4 Nf6 2. c4 c5 3. d5 e5 4. Nc3 d6 5. e4 Be7 6. h3 h5 7. g3 Nbd7 8. Bg2 a6
9. a4 h4 10. g4 Nh7 11. Nf3 Ng5 12. Qd2 Nxf3+ 13. Bxf3 Nf8 14. Bg2 g5 15.
Qd1 Ng6 16. O-O Bd7 17. a5 O-O 18. f3 b6 19. axb6 Qxb6 20. Rf2 Rfb8 21. Ra3 Bf6
22. Bf1 Qd8 23. Kh2 Rb6 24. Bd3 Rab8 25. b3 Bg7 26. Bc2 Qf6 27. Qf1 Nf4 28.
Nd1 Bf8 29. Be3 Be7 30. Bd2 Bd8 31. Qe1 Bc8 32. Nc3 Ra8 33. Nd1 Rbb8 34. Ne3
a5 35. Bc3 Bd7 36. Nf1 Bb6 37. Qe3 Qd8 38. Qd2 a4 39. bxa4 Ba5 40. Bxa5 Rxa5
41. Ne3 Rb4 42. Qd1 Qb6 43. Qa1 Kh7 44. Ra2 Qa6 45. Rd2 Bxa4 46. Bd1 Qa8 47.
Bc2 Ra6 48. Bd1 Qa7 49. Ra3 Bb5 50. Rda2 Rxa3 51. Rxa3 Qb6 52. cxb5 Qxb5 53.
Qc3 Rb2+ 54. Kh1 Nxh3 55. Rb3 Rxb3 56. Qxb3 Qa5 57. Ng2 Qd2 58. Qc2 Qd4 59.
Ne3 Qxe3 60. Qg2 Nf2+ 61. Kh2 Nxd1 0-1

[Event "American Zonal 2_5 Open"]
[Site "Montevideo, URU"]
[Date "2013.04.22"]
[Round "6.15"]
[White "Zacarias, M Ruben D"]
[Black "Pinero, Ismael"]
[Result "1-0"]
[WhiteElo "2186"]
[BlackElo "1883"]

1. e4 c5 2. Nf3 Nc6 3. d4 cxd4 4. Nxd4 Nf6 5. Nc3 e5 6. Ndb5 d6 7. Nd5 Nxd5
8. exd5 Ne7 9. c4 Nf5 10. Bd3 Be7 11. O-O O-O 12. Kh1 Nh4 13. f4 a6 14. Nc3 f5
15. g3 Ng6 16. Be3 Bd7 17. Qd2 e4 18. Be2 Rc8 19. b4 Bf6 20. c5 dxc5 21.
bxc5 Qa5 22. Rac1 Bxc3 23. Qxc3 Qxc3 24. Rxc3 Ne7 25. Bc4 Kh8 26. Rb1 Bb5 27. d6
Nc6 28. Bxb5 axb5 29. Rxb5 Rf7 30. Rcb3 Nd8 31. Ra3 Nc6 32. Rab3 Nd8 33. Bd2
Ra8 34. Ba5 Nc6 35. Bc7 Nd4 36. Rxb7 Nxb3 37. Rxb3 h5 38. Rb8+ Rxb8 39. Bxb8
e3 40. Kg2 Rb7 41. c6 Rb1 42. c7 Rc1 43. d7 e2 44. c8=Q+ 1-0

[Event "American Zonal 2_5 Open"]
[Site "Montevideo, URU"]
[Date "2013.04.22"]
[Round "6.16"]
[White "Ibanez, Juan Rodrigo"]
[Black "Michailov, Matias"]
[Result "0-1"]
[WhiteElo "2009"]
[BlackElo "2158"]

1. e4 e6 2. d4 d5 3. e5 c5 4. c3 Nc6 5. Nf3 Qb6 6. a3 Nh6 7. Bd3 cxd4 8. cxd4
Nf5 9. Bxf5 exf5 10. Nc3 Be6 11. O-O Be7 12. b4 O-O 13. Bb2 a5 14. b5 Na7
15. a4 Rac8 16. Ne2 Rc7 17. Qb3 Rfc8 18. Rfc1 g5 19. Ba3 Rxc1+ 20. Rxc1 Rxc1+
21. Bxc1 Qd8 22. Ba3 Nc8 23. Ng3 Nb6 24. Nh5 h6 25. h4 g4 26. Bxe7 Qxe7 27.
Nf6+ Kg7 28. Nh2 Qb4 29. Qd3 Qe1+ 30. Nf1 Nxa4 31. Kh2 Nb2 32. Qa3 Qxf1 33.
Ne8+ Kg8 34. Nf6+ Kg7 35. Ne8+ Kg8 36. Qxb2 Qe1 0-1

[Event "American Zonal 2_5 Open"]
[Site "Montevideo, URU"]
[Date "2013.04.22"]
[Round "6.17"]
[White "Saralegui, Mario"]
[Black "Lanzilotta, Marcelo"]
[Result "1/2-1/2"]
[WhiteElo "2146"]
[BlackElo "1980"]

1. d4 c5 2. d5 Nf6 3. c4 b5 4. Qc2 bxc4 5. e4 e6 6. Bxc4 exd5 7. exd5 Bd6 8.
Nf3 Qe7+ 9. Qe2 Qxe2+ 10. Kxe2 Ba6 11. Na3 O-O 12. Rd1 Re8+ 13. Kf1 Bf8 14.
Bg5 Ne4 15. Be3 d6 16. Rac1 Bxc4+ 17. Rxc4 Nd7 18. Ra4 Nb6 19. Ra6 Nf6 20. Nb5
Nfxd5 21. Bd2 Re4 22. b3 Nb4 23. Bxb4 Rxb4 24. Nc7 Rc8 1/2-1/2

[Event "American Zonal 2_5 Open"]
[Site "Montevideo, URU"]
[Date "2013.04.22"]
[Round "6.18"]
[White "Davila Texeira, Mario"]
[Black "Arias Bouzada, Jorge"]
[Result "1-0"]
[WhiteElo "1879"]
[BlackElo "2131"]

1. d4 c5 2. d5 e5 3. dxe6 fxe6 4. e4 Nc6 5. c3 Nf6 6. Bd3 Be7 7. f4 d6 8. Nf3
O-O 9. O-O Qb6 10. Kh1 Bd7 11. Na3 d5 12. e5 Ng4 13. Ng1 Nh6 14. Bc2 c4 15.
Nxc4 dxc4 16. Qxd7 Bc5 17. Qxe6+ Kh8 18. Nh3 1-0

[Event "American Zonal 2_5 Open"]
[Site "Montevideo, URU"]
[Date "2013.04.22"]
[Round "6.19"]
[White "Hiriart, Guillermo"]
[Black "Augoustis Funti, Alexis"]
[Result "1/2-1/2"]
[WhiteElo "2049"]
[BlackElo "1948"]

1. Nf3 Nf6 2. d4 e6 3. g3 b6 4. c3 Bb7 5. Nbd2 Be7 6. Qc2 d5 7. Ne5 O-O 8.
Bg2 c5 9. O-O cxd4 10. cxd4 Qc8 11. Qa4 b5 12. Qd1 Nc6 13. Nxc6 Qxc6 14. Nb3
Qb6 15. Bg5 Rfc8 16. Rc1 Rxc1 17. Qxc1 Rc8 18. Qb1 h6 19. Bd2 b4 20. Rc1 Rc4
21. e3 a5 22. Bf1 Rc7 23. Rxc7 Qxc7 24. Qc1 Qxc1 1/2-1/2